000
00355nam a2200181Ia 4500
100
_a
Schildt/Herbert
650
_a
Java
250
_a
9
942
_c
BK
366
_f
20
654
_a
Java
245
_a
Java:The complete reference
260
_b
Mc Graw Hill
_c
2014
082
_a
5.133
_b
SCH
300
_a
1274
546
_a
ENGLISH
999
_c
23680
_d
23680